【プロ野球】2025年のオリックス・バファローズの選手 - Statistics

General Stats
  • This quiz has been taken 197 times
  • The average score is 39 of 69
Answer Stats
背番号 選手名 % Correct
18 宮城大弥
92%
4 森友哉
92%
2 若月健矢
88%
99 杉本裕太郎
88%
11 山下舜平大
85%
44 頓宮裕真
84%
24 紅林弘太郎
84%
6 宗佑磨
82%
00 エスピノーザ
81%
7 西川龍馬
81%
31 太田椋
78%
19 山岡泰輔
77%
67 中川圭太
77%
42 マチャド
75%
65 福田周平
72%
17 曽谷龍平
69%
14 宇田川優希
68%
5 西野真弘
67%
21 山﨑颯一郎
66%
8 麦谷祐介
66%
16 平野佳寿
64%
30 廣岡大志
64%
12 東晃平
63%
0 渡部遼人
63%
22 九里亜蓮
62%
10 大城滉二
62%
9 野口智哉
60%
29 田嶋大樹
59%
32 福永奨
59%
37 石川亮
58%
38 来田涼斗
57%
59 ペルドモ
56%
23 吉田輝星
54%
13 寺西成騎
53%
66 博志
53%
15 椋木蓮
52%
35 古田島成龍
52%
57 山田修義
52%
64 大里昂生
51%
36 オリバレス
51%
41 佐野皓大
51%
93 佐藤一磨
50%
25 内藤鵬
50%
54 ディアス
49%
20 阿部翔太
48%
61 茶野篤政
48%
60 本田圭佑
46%
95 才木海翔
44%
96 髙島泰都
44%
50 山中稜真
44%
40 岩嵜翔
43%
62 堀柊那
43%
46 本田仁海
42%
98 権田琉成
42%
27 元謙太
42%
33 杉澤龍
42%
52 横山楓
41%
34 横山聖哉
41%
49 片山楽生
39%
56 小木田敦也
39%
94 川瀬堅斗
39%
26 齋藤響介
38%
39 池田陵真
38%
47 山口廉王
37%
48 東松快征
35%
58 井口和朋
35%
68 入山海斗
34%
28 富山凌雅
33%
45 東山玲士
28%
No matching quizzes found
Score Distribution
Percent of People with Each Score
Percentile by Number Answered
Your Score History
You have not taken this quiz